Representación a las Cortes de España relativa a la deuda estrangera [sic] / (Record no. 155239)

MARC details
000 -LEADER
campo de control de longitud fija 00891nam a22002295i 4500
001 - NÚMERO DE CONTROL
campo de control 155239
003 - IDENTIFICADOR DE NÚMERO DE CONTROL
campo de control ES-MaACL
005 - FECHA Y HORA DE LA ÚLTIMA TRANSACCIÓN
campo de control 20250718145019.0
008 - DATOS DE LONGITUD FIJA--INFORMACIÓN GENERAL
campo de control de longitud fija 040719s1847 sp |||| | spa d
080 ## - NÚMERO DE LA CLASIFICACIÓN DECIMAL UNIVERSAL
Número de la Clasificación Decimal Universal 336.275.3(460)
080 ## - NÚMERO DE LA CLASIFICACIÓN DECIMAL UNIVERSAL
Número de la Clasificación Decimal Universal 336.273.3(460)
080 ## - NÚMERO DE LA CLASIFICACIÓN DECIMAL UNIVERSAL
Número de la Clasificación Decimal Universal 35(460).056
100 1# - ENTRADA PRINCIPAL--NOMBRE DE PERSONA
Nombre de persona Henderson, James.
9 (RLIN) 127849
245 10 - MENCIÓN DEL TÍTULO
Título Representación a las Cortes de España relativa a la deuda estrangera [sic] /
Mención de responsabilidad, etc. por Jaime Henderson.
260 ## - PUBLICACIÓN, DISTRIBUCIÓN, ETC.
Lugar de publicación, distribución, etc. Madrid :
Nombre del editor, distribuidor, etc. [s.n.],
Fecha de publicación, distribución, etc. 1847 (
Fabricante Estab. Tip. Pasadizo de S. Ginés, n. 3)
300 ## - DESCRIPCIÓN FÍSICA
Extensión 20 p. ;
Dimensiones 19 cm.
650 #4 - PUNTO DE ACCESO ADICIONAL DE MATERIA--TÉRMINO DE MATERIA
Término de materia o nombre geográfico como elemento de entrada Títulos de deuda pública-
Subdivisión geográfica España.
9 (RLIN) 155833
650 #4 - PUNTO DE ACCESO ADICIONAL DE MATERIA--TÉRMINO DE MATERIA
Término de materia o nombre geográfico como elemento de entrada Préstamos internacionales-
Subdivisión geográfica España.
9 (RLIN) 155834
650 #7 - PUNTO DE ACCESO ADICIONAL DE MATERIA--TÉRMINO DE MATERIA
Término de materia o nombre geográfico como elemento de entrada Responsabilidad patrimonial de la administración
Fuente del encabezamiento o término embne
9 (RLIN) 136827
852 4# - LOCALIZACIÓN
Ubicación ES-MaACL
Número de control de estantería T-18-F-10
Nota libre - Enc. hol., falto de cub. original
-- - Enc. en un vol. facticio
Holdings
Estatus retirado Estado de pérdida Estado de daño No para préstamo Colección Biblioteca de origen Biblioteca actual Ubicación en estantería Fecha de adquisición Total de préstamos Signatura topográfica completa Código de barras Visto por última vez Precio de reemplazo Tipo de ítem Koha
        Colección de folletos Biblioteca del Ateneo de Madrid Biblioteca del Ateneo de Madrid Depósito folletos 17/01/2008   T-18-F-10 1162388 23/02/2023 23/02/2023 Folleto